000 00789nam a2200193 a 4500
001 000007259
005 20240409073824.0
008 090907s2005 xxua 001 p spa d
020 _a097656470X
040 _aDO-SdBNP
_bspa
_cBNPHU
082 _aRD861.5
_bL864
245 0 0 _aDesde la diáspora = from the diaspora :
_bcuentos y poemas de niños y niñas dominicanos = anthology of dominican childrens writings /
_ccompiladores Michael López ,Pastora Hernández, Yrene Santos, Mary Ely Peña- Gratereaux.
260 _aNew york :
_bCayena,
_c2005.
300 _a93 p. :
_bil. ;
_c22 cm.
500 _aIncluye datos biográficos.
650 4 _aPoesía infantil dominicana
_xColecciones
_920146
650 0 _aCuentos infantiles dominicanos
_9505
650 4 _aLiteratura infantil dominicana
_9441
999 _c7040
_d7040